Epistolario de Rufino José Cuervo con varios corresponsales no incluidos en los epistolarios publicados

Guardado en:
Detalles Bibliográficos
Autor principal: Ibarra Mesa, Gloria María (Autor)
Formato: Libro
Lenguaje:español
Publicado: Bogotá Instituto Caro y Cuervo 2005
Colección:Archivo Epistolar Colmbiano, 27
Materias:
Etiquetas: Agregar Etiqueta
Sin Etiquetas, Sea el primero en etiquetar este registro!

MARC

LEADER 00000nam a2200000 a 4500
001 UCI7596
003 CL-VaPUC
008 080710e20050000CK |||||||||||||||||spa|d
082 0 4 |a Co866  |b IBA  |2 21 
100 |a Ibarra Mesa, Gloria María   |e author  |9 530861 
245 1 0 |a Epistolario de Rufino José Cuervo con varios corresponsales no incluidos en los epistolarios publicados 
300 |a 489 p 
942 |c BK 
945 |d 20080710 00:00:00  |a jtorresc 
260 |a Bogotá  |b Instituto Caro y Cuervo  |c 2005 
600 0 7 |a CUERVO, RUFINO JOSE  |2 CL-VaPUC  |9 530862 
650 7 |a CORRESPONDENCIAS COLOMBIANAS  |2 CL-VaPUC  |9 462201 
650 0 |a Literatura colombiana   |9 315578 
650 0 |a Literatura colombiana  |x Autores  |9 315579 
583 |a last modification  |c 20080710 00:00:00  |k Rodrigo Vera 
490 0 |a Archivo Epistolar Colmbiano, 27 
999 |c 330819  |d 330817 
952 |0 0  |1 0  |4 0  |6 CO_866_000000000000000_IBA_2005  |7 0  |8 A  |9 416658  |a BIBEDU  |b BIBEDU  |d 2019-11-22  |i 4456041  |o Co866 IBA 2005  |p 4456041  |r 2019-11-22  |w 2019-11-22  |y BK  |k LIT